000 00477cam a22001457a 4500
008 180718b1943 xxu||||| |||| 00| 0 eng d
082 _aT1 St28i
100 _aStark, W.
245 _aThe ideal foundations of economic thought : three essays on the philiosophy of economics
_cby W. Stark
260 _aLondon
_bRoutldege and Kegan
_c1943
300 _a219p.
650 _aEconomics. Sociology
650 _aThompson, William, 1785?-1833
650 _aHodgskin, Thomas, 1787-1869
999 _c433058
_d433058